| 000 | 01110nam a22002775a 4500 | ||
|---|---|---|---|
| 001 | 15616753 | ||
| 005 | 20090209070535.0 | ||
| 008 | 090209s2009 nyu 000 0 eng | ||
| 020 | _a9781402098918 | ||
| 040 |
_aDLC _cDLC |
||
| 082 |
_222 _a612.042 _bREN |
||
| 245 | 1 | 0 |
_aRenewable Energy in the Middle East : _cEnhancing Security Through Regional Cooperation / _bedited by Michael Mason and Amit Mor. |
| 260 |
_aNew York : _bSpringer, _c2009. |
||
| 263 | _a0904 | ||
| 300 |
_axxxiii, 240 p. : _bill. ; _c24 cm. |
||
| 490 |
_95861 _aNATO Science for Peace and Security series |
||
| 504 | _aIncludes bibliographical references and index. | ||
| 650 |
_928719 _aRenewable energy sources _zMiddle East. |
||
| 650 |
_928720 _aEnergy policy _zMiddle East. |
||
| 653 |
_bEle _bMec _cFebruary2012 |
||
| 700 |
_928722 _aMason, Michael |
||
| 700 |
_928722 _aMason, Michael |
||
| 942 |
_2ddc _cBB |
||
| 999 |
_c16419 _d16419 |
||